00401nam a2200145Ia 4500100001500000942000700015654001700022245004000039260004200079082000800121300000800129546001200137999001700149952008900166 aStonley/J  cBK aCalculations aWorkshop Engineering calculations I bEnglish Universities Press Ltd.c2001 a510 a196 aENGLISH c28722d28722 001040708AFTaCRCEbCRCEd2023-03-17l0o510 pAFT662r2023-03-17w2023-03-17yBK